The Office Trivia #O - Statistics

General Stats
  • This quiz has been taken 39 times
  • The average score is 7 of 9
Answer Stats
Hint Answer % Correct
Accountant Oscar Martinez
100%
According to Angela, Green an __ are whorish colors Orange
88%
Jim and Pam host the __ __ while Dwight and Michael are away Office Olympics
85%
Kevins chili: The trick is to undercook the __ Onions
73%
What does Angela, according to Andy, whisper while making out with him Oh D!
70%
What is the only thing Michael brings to the Job Fair? One sheet of paper
67%
When Michael decides to adopt a baby he asks Pam "Did you see __ last night?" Oprah
64%
What does Phyllis gift to Michael for Secret Santa Oven mit
64%
Andy is supposedly related to which famous person (surname) Michelle Obama
55%
No matching quizzes found
Score Distribution
Percent of People with Each Score
Percentile by Number Answered
Your Score History
You have not taken this quiz